[Event "WA Premier"]
[Site "Seattle"]
[Date "2008.02.09"]
[Round "1"]
[White "Xing, Kerry"]
[Black "Bragg, David"]
[Result "0-1"]
[WhiteElo "1871"]
[BlackElo "2208"]
[PlyCount "70"]
[EventDate "2008.02.??"]
[Source "Harrison"]
[SourceDate "2008.03.19"]

1. d4 Nf6 2. c4 g6 3. Nc3 Bg7 4. e4 d6 5. f3 O-O 6. Be3 a6 7. Qd2 c6 8. a4 Qa5
9. Ra3 Re8 10. Bd3 Nbd7 11. Nge2 e5 12. O-O exd4 13. Nxd4 Ne5 14. Be2 Be6 15.
Nxe6 Rxe6 16. Rb3 Qc7 17. Rd1 Ned7 18. Nb1 Rae8 19. Qb4 Nxe4 20. fxe4 Rxe4 21.
Qa3 Nc5 22. Bxc5 dxc5 23. Bf1 Bd4+ 24. Kh1 Re1 25. Rbd3 R8e3 26. Rxd4 cxd4 27.
Rxe1 Rxe1 28. Qd3 Qf4 29. Kg1 Qc1 30. Na3 Rd1 31. Qe2 Qe3+ 32. Qxe3 dxe3 33.
Nc2 e2 34. Ne3 Rxf1+ 35. Nxf1 e1=Q 0-1

[Event "WA Premier"]
[Site "Seattle"]
[Date "2008.02.09"]
[Round "1"]
[White "MacGregor, Michael"]
[Black "Kalina, Chris"]
[Result "1-0"]
[WhiteElo "2205"]
[BlackElo "1959"]
[PlyCount "42"]
[EventDate "2008.02.??"]
[Source "Harrison"]
[SourceDate "2008.03.19"]

1. e4 c5 2. Nf3 d6 3. d4 cxd4 4. Nxd4 Nf6 5. Nc3 a6 6. Bc4 e6 7. O-O Nxe4 8.
Nxe4 d5 9. Bg5 Be7 10. Bxe7 Qxe7 11. Bxd5 exd5 12. Nc3 Be6 13. Nxe6 fxe6 14.
Nxd5 exd5 15. Re1 Qxe1+ 16. Qxe1+ Kf7 17. Qe5 Rd8 18. Re1 ({Another way is} 18.
Qc7+ Rd7 19. Qc8 {tying up black's pieces. What can black do against the
threat of white's Re1 and Qe8? [Bragg]}) 18... Nc6 19. Qe6+ Kf8 20. Re3 Nd4 21.
Qe7+ Kg8 1-0

[Event "WA Premier"]
[Site "Seattle"]
[Date "2008.02.09"]
[Round "1"]
[White "May, Andy"]
[Black "Collyer, Curt"]
[Result "1/2-1/2"]
[WhiteElo "2128"]
[BlackElo "2254"]
[PlyCount "42"]
[EventDate "2008.02.??"]
[Source "Harrison"]
[SourceDate "2008.03.19"]

1. e4 e6 2. Nc3 d5 3. Nf3 Nf6 4. e5 Nfd7 5. d4 c5 6. dxc5 Nc6 7. Bf4 Bxc5 8.
Bd3 f6 9. exf6 Qxf6 10. Bg5 Qf7 11. Bh4 h6 12. Qe2 O-O 13. O-O-O Nde5 14. Nxe5
Qf4+ 15. Kb1 Qxe5 16. Qxe5 Nxe5 17. f3 Bd7 18. Bg3 Nxd3 19. cxd3 Bd4 20. Rhe1
Bxc3 21. bxc3 Rac8 1/2-1/2

[Event "WA Premier"]
[Site "Seattle"]
[Date "2008.02.09"]
[Round "1"]
[White "Pupols, Viktors"]
[Black "Levine, David"]
[Result "0-1"]
[WhiteElo "2201"]
[BlackElo "2211"]
[PlyCount "80"]
[EventDate "2008.02.??"]
[Source "Harrison"]
[SourceDate "2008.03.19"]

1. c4 e6 2. Nc3 d5 3. d4 c5 4. cxd5 exd5 5. Nf3 Nc6 6. g3 Nf6 7. Bg2 Be7 8. O-O
O-O 9. dxc5 Bxc5 10. Bg5 d4 11. Ne4 Be7 12. Nxf6+ Bxf6 13. Bxf6 Qxf6 14. b4 Rd8
15. Qd2 a6 16. Rfd1 Bg4 17. h3 Bh5 18. g4 Bg6 19. Rac1 d3 20. e3 h5 21. Rc5
hxg4 22. hxg4 Be4 23. Ne1 b6 24. Rh5 Bg6 25. Rd5 Rxd5 26. Bxd5 Rd8 27. e4 Ne5
28. g5 Qe7 29. f4 Rxd5 30. exd5 Nc4 31. Qf2 d2 32. Rxd2 Nxd2 33. Qxd2 Qd7 34.
d6 Be4 35. Kf2 Bc6 36. Kg3 f6 37. gxf6 gxf6 38. Qd4 Kf7 39. Kf2 Qe6 40. Kg3 $4
Qxe1+ 0-1

[Event "WA Premier"]
[Site "Seattle"]
[Date "2008.02.18"]
[Round "1"]
[White "Selzler, Ricky"]
[Black "Oshiro, Michael"]
[Result "1-0"]
[WhiteElo "2132"]
[BlackElo "2114"]
[PlyCount "68"]
[EventDate "2008.02.??"]
[Source "Harrison"]
[SourceDate "2008.03.19"]

{Make-up game} 1. e4 c5 2. Nf3 a6 3. c3 e6 4. d4 d5 5. e5 Bd7 6. Bd3 Bb5 7. Bc2
h6 8. a4 Bc6 9. O-O a5 10. Re1 Na6 11. Nbd2 Ne7 12. Nf1 b6 13. Ng3 g6 14. h3
Nc7 15. Nh2 Nf5 16. Ng4 Be7 17. Ne2 c4 18. Nf6+ Bxf6 19. exf6 Qxf6 20. Bf4 Qd8
21. Qd2 Kd7 22. b4 axb4 23. cxb4 b5 24. Nc3 bxa4 25. Nxa4 Bxa4 26. Bxa4+ Rxa4
27. Rxa4 Nb5 28. Rea1 Qb6 29. Be5 Rc8 30. Ra6 Qb7 31. R6a5 Rc6 32. g4 Nh4 33.
Qf4 f5 34. Qxh6 Nf3+ 1-0

[Event "WA Premier"]
[Site "Seattle"]
[Date "2008.02.09"]
[Round "2"]
[White "Levine, David"]
[Black "Bragg, David"]
[Result "0-1"]
[WhiteElo "2211"]
[BlackElo "2208"]
[PlyCount "120"]
[EventDate "2008.02.??"]
[Source "Harrison"]
[SourceDate "2008.03.19"]

1. e4 c6 2. d4 d5 3. exd5 cxd5 4. c4 Nf6 5. Nc3 g6 6. Qb3 Bg7 7. cxd5 O-O 8.
Be2 Nbd7 9. Bf3 Nb6 10. Nge2 Bg4 11. Bxg4 Nxg4 12. Bf4 Nf6 13. d6 exd6 14. a4
Qd7 15. a5 Nc8 16. O-O Re8 17. d5 Ne4 18. Nxe4 Rxe4 19. Be3 Rb8 20. Nc3 Re7 21.
Ra4 b5 22. Rb4 a6 23. h4 h5 24. Ne4 f6 25. Rd1 Qd8 26. Ra1 Rbb7 27. Qd3 Re8 28.
Ng3 Ne7 29. Bb6 Qd7 30. Re1 f5 31. Re6 Kf7 32. Rb3 Nc8 33. Nxf5 gxf5 34. Qxf5+
Kg8 35. Rbe3 Rxe6 36. dxe6 Qe8 37. Qd5 Re7 38. b4 Be5 39. Bd4 Bxd4 40. Qxd4 Rg7
41. e7 Nxe7 42. Qxd6 Qc6 43. Qd8+ Kh7 44. g3 Qc1+ 45. Kg2 Qc6+ 46. Kg1 Qd5 47.
Qb8 Nc6 48. Qc8 Nd4 49. Re8 Nf3+ 50. Kf1 Qd1+ 51. Kg2 Nxh4+ 52. Kh2 Ng6 53.
Qxa6 Qf3 54. Qb6 Nh4 55. Rh8+ Kxh8 56. Qd8+ Kh7 57. Qxh4 Qxf2+ 58. Kh3 Qf5+ 59.
Kh2 Rd7 60. Qe4 Qxe4 0-1

[Event "WA Premier"]
[Site "Seattle"]
[Date "2008.02.09"]
[Round "2"]
[White "Kalina, Chris"]
[Black "Xing, Kerry"]
[Result "0-1"]
[WhiteElo "1959"]
[BlackElo "1871"]
[PlyCount "63"]
[EventDate "2008.02.??"]
[Source "Harrison"]
[SourceDate "2008.03.19"]

1. c4 f5 2. Nc3 Nf6 3. d4 g6 4. Bf4 Bg7 5. Nf3 O-O 6. h3 d6 7. e3 Qe8 8. Be2
Nh5 9. Bh2 c6 10. d5 Na6 11. Rc1 Bd7 12. O-O h6 13. Qd2 Nf6 14. Nd4 c5 15. Nf3
g5 16. Ne1 Qg6 17. Nd3 h5 18. Kh1 Bh6 19. Rce1 Kh8 20. Rg1 Rg8 21. a3 h4 22.
Qd1 Raf8 23. g3 hxg3 24. Rxg3 Ne4 25. Rg2 Nxc3 26. bxc3 Qf6 27. Qc2 Rf7 28. Bh5
Rh7 29. h4 g4 30. f3 Qxh4 31. fxg4 fxg4 32. Bxg4 (32. Bxg4 Rxg4 33. Rxg4 Bxg4
34. Rf1 Bf5 35. Rxf5 Qe4+ 36. Qg2 Qxf5 $19) 0-1

[Event "WA Premier"]
[Site "Seattle"]
[Date "2008.02.09"]
[Round "2"]
[White "Collyer, Curt"]
[Black "MacGregor, Michael"]
[Result "1-0"]
[WhiteElo "2254"]
[BlackElo "2205"]
[PlyCount "71"]
[EventDate "2008.02.??"]
[Source "Harrison"]
[SourceDate "2008.03.19"]

1. Nf3 Nf6 2. b3 d5 3. Bb2 Bf5 4. g3 e6 5. Bg2 Nbd7 6. O-O Bd6 7. c4 c6 8. d3
Qe7 9. Nbd2 O-O-O 10. a3 h5 11. Qc2 h4 12. e4 dxe4 13. dxe4 Bg6 14. b4 hxg3 15.
hxg3 Rh5 16. Rfe1 Ng4 17. Rad1 Rdh8 18. Nf1 Nde5 19. Nxe5 Bxe5 20. Bc1 Qf6 21.
Qe2 Nh2 22. Rd3 Nxf1 23. Rxf1 Rd8 24. Rxd8+ Qxd8 25. Rd1 Qc7 26. f4 Bf6 27. Be3
Rh8 28. Bf3 Rd8 29. Rxd8+ Bxd8 30. Qd2 a5 $6 31. Kf2 axb4 32. axb4 Qd7 33. Qa2
Qd3 34. Qa8+ Kc7 {Diagram #} 35. Bb6+ $3 Kxb6 (35... Kd7 36. Qxd8#) 36. Qa5#
1-0

[Event "WA Premier"]
[Site "Seattle"]
[Date "2008.02.09"]
[Round "2"]
[White "Oshiro, Michael"]
[Black "May, Andy"]
[Result "0-1"]
[WhiteElo "2114"]
[BlackElo "2128"]
[PlyCount "78"]
[EventDate "2008.02.??"]
[Source "Harrison"]
[SourceDate "2008.03.19"]

1. d4 Nf6 2. c4 g6 3. f3 Bg7 4. e4 d6 5. Ne2 O-O 6. Be3 e5 7. d5 c6 8. Nec3 Nh5
9. Nd2 f5 10. c5 cxd5 11. Nxd5 Nc6 12. cxd6 Qxd6 13. Nc4 Qd8 14. exf5 gxf5 15.
Bc5 Be6 16. Ne7+ Nxe7 17. Qxd8 Rfxd8 18. Bxe7 Rd7 19. Ba3 Rad8 20. g3 f4 21. g4
Bf6 22. Be2 Bh4+ 23. Kf1 Rd5 24. b3 b5 25. Na5 Nf6 26. Nc6 R8d7 27. Ne7+ Kf7
28. Nxd5 Rxd5 29. Rd1 e4 30. h3 Bg3 31. Kg2 Rg5 32. h4 Rg8 33. g5 Nd5 34. Bc5
Rc8 35. b4 Nc3 36. Rd2 Nxe2 37. Rxe2 exf3+ 38. Kxf3 Bd5+ 39. Re4 Re8 0-1

[Event "WA Premier"]
[Site "Seattle"]
[Date "2008.02.15"]
[Round "2"]
[White "Pupols, Viktors"]
[Black "Selzler, Ricky"]
[Result "1/2-1/2"]
[WhiteElo "2201"]
[BlackElo "2132"]
[PlyCount "84"]
[EventDate "2008.02.??"]
[Source "Harrison"]
[SourceDate "2008.03.19"]

{This was the round 2 makeup game.} 1. c4 g6 2. Nc3 Bg7 3. e4 d6 4. d4 Nf6 5.
Be2 O-O 6. Nf3 e5 7. d5 a5 8. Bg5 Na6 9. Nd2 h6 10. Be3 b6 11. O-O Nh7 12. Kh1
f5 13. exf5 gxf5 14. f4 Bd7 15. g4 exf4 16. Bxf4 fxg4 17. Bxg4 Qh4 18. Bxd7
Rxf4 19. Rxf4 Qxf4 20. Qe2 Nc5 21. Rf1 Qh4 22. Be6+ Kh8 23. Nb5 Ng5 24. Nxc7
Nce4 25. Nxe4 Nxe4 26. Qe1 Qxe1 27. Rxe1 Nf2+ 28. Kg2 Nd3 29. Nxa8 Nxe1+ 30.
Kf1 Nd3 31. Nxb6 Nxb2 32. Ke2 Bd4 33. Nd7 Bg1 34. c5 dxc5 35. Kd2 Nc4+ 36. Kc3
Nd6 37. h3 Kg7 38. Kb3 c4+ 39. Kc3 Bf2 40. Ne5 Be1+ 41. Kd4 Bf2+ 42. Kc3 Be1+
1/2-1/2

[Event "WA Premier"]
[Site "Seattle"]
[Date "2008.02.09"]
[Round "3"]
[White "Selzler, Ricky"]
[Black "Levine, David"]
[Result "1-0"]
[WhiteElo "2132"]
[BlackElo "2211"]
[PlyCount "69"]
[EventDate "2008.02.??"]
[Source "Harrison"]
[SourceDate "2008.03.19"]

1. e4 e5 2. Nf3 Nc6 3. Bb5 a6 4. Ba4 Nf6 5. O-O b5 6. Bb3 Bc5 7. d3 d6 8. a4
Rb8 9. axb5 axb5 10. Nc3 Bg4 11. Be3 Nd4 12. Bxd4 Bxd4 13. Qe2 O-O 14. h3 Bxf3
15. Qxf3 c6 16. Nd1 Ra8 17. Rb1 d5 18. exd5 cxd5 19. Ne3 e4 20. dxe4 dxe4 21.
Qe2 Bxe3 22. fxe3 Qb6 23. Rf5 Rab8 24. Rbf1 Rb7 25. Qf2 Rc7 26. Qg3 Kh8 27.
Rxb5 Qa7 28. Rg5 Ne8 29. Qf4 Re7 30. Kh1 Qa6 31. Rd1 Qe2 32. Rd8 f6 33. Qd6
Qf1+ 34. Kh2 fxg5 35. Qxe7 1-0

[Event "WA Premier"]
[Site "Seattle"]
[Date "2008.02.10"]
[Round "3"]
[White "May, Andy"]
[Black "Pupols, Viktors"]
[Result "1-0"]
[WhiteElo "2128"]
[BlackElo "2201"]
[PlyCount "119"]
[EventDate "2008.02.??"]
[Source "Harrison"]
[SourceDate "2008.03.19"]

1. e4 d6 2. Nf3 Nf6 3. Nc3 c6 4. d4 Bg4 5. Be3 e6 6. Bd3 d5 7. e5 Nfd7 8. Ne2
c5 9. c3 Nc6 10. O-O Qb6 11. a3 c4 12. Bc2 Bxf3 13. gxf3 Be7 14. Rb1 Qc7 15.
Kh1 b5 16. Rg1 g6 17. Qd2 Nb6 18. Bh6 O-O-O 19. Qf4 Bf8 20. Bg5 Re8 21. Ng3 Bg7
22. Bh6 Bxh6 23. Qxh6 Qe7 24. f4 Kb8 25. h4 f5 26. Kg2 Rhg8 27. Nf1 Nd8 28. Qg5
Qf8 29. Nd2 Nf7 30. Qg3 Qe7 31. Nf3 h6 32. Kh3 g5 33. fxg5 hxg5 34. Nxg5 Nxg5+
35. hxg5 Rxg5 36. Qh4 Rg7 37. Qxe7 Rexe7 38. Rg3 Rxg3+ 39. fxg3 Kc7 40. Rf1 Nd7
41. Rf4 a5 42. g4 fxg4+ 43. Rxg4 Nb8 44. Rg6 Nc6 45. Kg4 Kd7 46. Kg5 Nd8 47.
Rf6 Nc6 48. Kg6 a4 49. Bd1 Ke8 50. Bg4 Nd8 51. Bh3 Kd7 52. Rf8 Nc6 53. Kf6 Nd8
54. Bg4 Rh7 55. Rxd8+ Kxd8 56. Kxe6 Rh2 57. Kd6 Rg2 58. Bd7 Rxb2 59. e6 Re2 60.
Bxb5 1-0

[Event "WA Premier"]
[Site "Seattle"]
[Date "2008.02.10"]
[Round "3"]
[White "MacGregor, Michael"]
[Black "Oshiro, Michael"]
[Result "1-0"]
[WhiteElo "2205"]
[BlackElo "2114"]
[PlyCount "56"]
[EventDate "2008.02.??"]
[Source "Harrison"]
[SourceDate "2008.03.19"]

1. e4 e5 2. Bc4 Nf6 3. d4 Nc6 4. Nf3 exd4 5. e5 d5 6. Bb5 Ne4 7. Nxd4 Bd7 8.
Bxc6 bxc6 9. O-O c5 10. Nb3 c6 11. f3 Ng5 12. c4 dxc4 13. N3d2 Be6 14. f4 Qd4+
15. Kh1 Ne4 16. Nxe4 Qxe4 17. Re1 Qd3 18. Qa4 Qd7 19. Nc3 Rd8 20. Be3 Qb7 21.
Rad1 Rd3 22. Qc2 Qd7 23. Qf2 h5 24. Bxc5 h4 25. Bxf8 Kxf8 26. f5 Bd5 27. e6 Qe7
28. Qf4 h3 ({After} 28... h3 {The end would be} 29. Qb8+ Qe8 30. e7+ Kg8 31.
Qxe8+ Kh7 32. Qxh8+ Kxh8 33. e8=Q+ Kh7 34. Nxd5 {etc.}) 1-0

[Event "WA Premier"]
[Site "Seattle"]
[Date "2008.02.10"]
[Round "3"]
[White "Xing, Kerry"]
[Black "Collyer, Curt"]
[Result "1/2-1/2"]
[WhiteElo "1871"]
[BlackElo "2254"]
[PlyCount "95"]
[EventDate "2008.02.??"]
[Source "Harrison"]
[SourceDate "2008.03.19"]

1. d4 d5 2. c4 c6 3. Nc3 Nf6 4. Nf3 a6 5. a4 e6 6. e3 a5 7. Bd3 Na6 8. O-O Nb4
9. e4 Nxd3 10. Qxd3 Be7 11. Bg5 dxe4 12. Nxe4 Nxe4 13. Bxe7 Nxf2 14. Rxf2 Qxe7
15. d5 exd5 16. cxd5 O-O 17. d6 Qd8 18. Re1 Be6 19. Qd4 Bd5 20. Qf4 Bxf3 21.
Rxf3 Qb6+ 22. Rf2 Rad8 23. Re7 Qb3 24. Rd2 b5 25. axb5 Qxb5 26. Qd4 Qg5 27. Re5
Qg6 28. d7 Qf6 29. Rxa5 Qxd4+ 30. Rxd4 f6 31. Ra7 Rf7 32. Rc7 Kf8 33. Rc8 Ke7
34. Rxc6 Rxd7 35. Re4+ Kd8 36. Kf2 Rd2+ 37. Re2 Rxe2+ 38. Kxe2 Rb7 39. Rc2 Rb3
40. Kf2 Ke7 41. Rc7+ Kf8 42. Rc2 Kf7 43. g3 g5 44. Kg2 h5 45. h3 Kg6 46. Rf2 h4
47. g4 Kf7 48. Re2 1/2-1/2

[Event "WA Premier"]
[Site "Seattle"]
[Date "2008.02.10"]
[Round "3"]
[White "Bragg, David"]
[Black "Kalina, Chris"]
[Result "1-0"]
[WhiteElo "2208"]
[BlackElo "1959"]
[PlyCount "89"]
[EventDate "2008.02.??"]
[Source "Harrison"]
[SourceDate "2008.03.19"]

1. c4 c5 2. Nc3 Nf6 3. g3 d5 4. cxd5 Nxd5 5. Bg2 Nc7 6. f4 g6 7. Nf3 Nc6 8. O-O
Bg7 9. b3 O-O 10. Bb2 Be6 11. Na4 Bxb2 12. Nxb2 Bd5 13. Na4 Nb4 14. Qc1 b6 15.
a3 Nba6 16. Qb2 Bb7 17. Rac1 Qd6 18. d4 cxd4 19. Nxd4 Bxg2 20. Kxg2 Rad8 21.
Rfd1 Nd5 22. Kf3 Nf6 23. Nc6 Qe6 24. Rxd8 Qe4+ 25. Kf2 Ng4+ 26. Ke1 Qh1+ 27.
Kd2 Rxd8+ 28. Nxd8 Qd5+ 29. Kc3 Qxd8 30. Qd2 Qc8+ 31. Kb2 Qf5 32. Qc3 Nxh2 33.
Qc8+ Qxc8 34. Rxc8+ Kg7 35. b4 Nf1 36. b5 Nc5 37. Nxc5 bxc5 38. a4 Nxg3 39. a5
h5 40. b6 axb6 41. axb6 h4 42. b7 h3 43. b8=Q h2 44. Rg8+ Kf6 45. Qe5# 1-0

[Event "WA Premier"]
[Site "Seattle"]
[Date "2008.02.10"]
[Round "4"]
[White "Levine, David"]
[Black "Kalina, Chris"]
[Result "1-0"]
[WhiteElo "2211"]
[BlackElo "1959"]
[PlyCount "57"]
[EventDate "2008.02.??"]
[Source "Harrison"]
[SourceDate "2008.03.19"]

1. b3 Nf6 2. Bb2 g6 3. g4 Bg7 4. g5 Nh5 5. Bxg7 Nxg7 6. Qc1 e5 7. Qb2 d6 8. Nf3
c5 9. d3 Nc6 10. Nbd2 Qe7 11. Ne4 Nh5 12. c4 f5 13. gxf6 Nxf6 14. Nfd2 Bd7 15.
Nxf6+ Qxf6 16. Ne4 Qe7 17. Bg2 O-O 18. h4 Nd4 19. O-O-O Bc6 20. Rh2 a5 21. Qd2
a4 22. b4 cxb4 23. h5 g5 24. Nxg5 Nxe2+ 25. Kb2 a3+ 26. Ka1 Nf4 27. Be4 h6 28.
Nf3 Kh8 29. Nh4 1-0

[Event "WA Premier"]
[Site "Seattle"]
[Date "2008.02.10"]
[Round "4"]
[White "Selzler, Ricky"]
[Black "May, Andy"]
[Result "1-0"]
[WhiteElo "2132"]
[BlackElo "2128"]
[PlyCount "73"]
[EventDate "2008.02.??"]
[Source "Harrison"]
[SourceDate "2008.03.19"]

1. d4 Nf6 2. c4 g6 3. Nc3 Bg7 4. e4 d6 5. Nf3 O-O 6. Be2 e5 7. O-O exd4 8. Nxd4
Re8 9. f3 c6 10. Nc2 Na6 11. Bf4 d5 12. cxd5 cxd5 13. exd5 Nh5 14. Bd2 Nc7 15.
Bc4 Qh4 16. f4 Bf5 17. Be1 Qf6 18. Bd3 Bxd3 19. Qxd3 Qd6 20. Rd1 Rad8 21. Kh1
f5 22. Qf3 Nf6 23. Bh4 Rd7 24. Bxf6 Bxf6 25. Nd4 a6 26. Rd3 Red8 27. Rfd1 Qb6
28. Nb3 Qd6 29. Qf2 Kg7 30. Nc5 b5 31. Nb7 Qb4 32. Nxd8 Rxd8 33. d6 Ne6 34.
Qa7+ Kg8 35. Nd5 Qxb2 36. R3d2 Rxd6 37. Rxb2 1-0

[Event "WA Premier"]
[Site "Seattle"]
[Date "2008.02.10"]
[Round "4"]
[White "Collyer, Curt"]
[Black "Bragg, David"]
[Result "1-0"]
[WhiteElo "2254"]
[BlackElo "2208"]
[PlyCount "121"]
[EventDate "2008.02.??"]
[Source "Harrison"]
[SourceDate "2008.03.19"]

1. d4 Nf6 2. c4 g6 3. Nc3 Bg7 4. e4 d6 5. f4 O-O 6. Nf3 c5 7. dxc5 dxc5 8. Qxd8
Rxd8 9. e5 Ne8 10. Be3 b6 11. Nd5 Nc6 12. O-O-O Bb7 13. Be2 f6 14. exf6 exf6
15. f5 Rd7 16. Bd3 Ne7 17. fxg6 hxg6 18. Bf4 Bxd5 19. cxd5 c4 20. Bc2 Rad8 21.
Ba4 Rxd5 22. Rxd5 Rxd5 23. Bxe8 b5 24. Rd1 Kf8 25. Bd7 Kf7 26. Rxd5 Nxd5 27.
Bd2 a6 28. Bc8 Bf8 29. Bxa6 Nc7 30. Bc8 Bd6 31. h3 b4 32. Nd4 Bc5 33. Nc2 b3
34. axb3 cxb3 35. Na1 Nd5 36. Nxb3 Bb6 37. Bb7 Ne3 38. Bxe3 Bxe3+ 39. Kc2 f5
40. Kd3 Bb6 41. Nd2 Kf6 42. Nc4 Bc5 43. Kc3 g5 44. b4 Bg1 45. b5 g4 46. hxg4
fxg4 47. Bc8 Kg5 48. Ne5 Kf4 49. Nxg4 Kg3 50. Kc4 Kxg2 51. Nf6 Kf3 52. Kd5 Bb6
53. Nd7 Bd8 54. Ne5+ Ke3 55. Be6 Kd2 56. b6 Kc3 57. b7 Bc7 58. Nc6 Kd3 59. Nb4+
Kc3 60. Na6 Bh2 61. Kc6 1-0

[Event "WA Premier"]
[Site "Seattle"]
[Date "2008.02.10"]
[Round "4"]
[White "Pupols, Viktors"]
[Black "MacGregor, Michael"]
[Result "1-0"]
[WhiteElo "2201"]
[BlackElo "2205"]
[PlyCount "139"]
[EventDate "2008.02.??"]
[Source "Harrison"]
[SourceDate "2008.03.19"]

1. c4 Nf6 2. Nc3 g6 3. d4 d5 4. Nf3 Bg7 5. cxd5 Nxd5 6. Bg5 Nxc3 7. bxc3 c5 8.
e3 Nc6 9. Be2 O-O 10. O-O Bf5 11. Nd2 h6 12. Bf4 g5 13. Bg3 cxd4 14. cxd4 e5
15. e4 Bg6 16. d5 Nd4 17. Bd3 f5 18. f3 fxe4 19. fxe4 Rxf1+ 20. Qxf1 Qb6 21.
Kh1 Rf8 22. Qc1 Qd8 23. Nc4 b5 24. Nxe5 Bxe4 25. Bxe4 Ne2 26. Bh7+ Kh8 27. Ng6+
Kxh7 28. Nxf8+ Kg8 29. Qc6 Nxg3+ 30. hxg3 Bxa1 31. Ne6 Qe7 32. Qc8+ Kf7 33. Qc2
Qf6 34. Qh7+ Ke8 35. Qg8+ Kd7 36. Qb8 Be5 37. Qxb5+ Ke7 38. Qb7+ Ke8 39. Qa8+
Kf7 40. Qxa7+ Kg6 41. Qe3 Bd6 42. Nd4 Qe5 43. Qd3+ Kf6 44. Qf3+ Kg6 45. Qd3+
Kf6 46. Nb5 Bc5 47. Qc3 Qxc3 48. Nxc3 Ke5 49. g4 Bb4 50. Ne2 Kxd5 51. Ng3 Ke5
52. Nh5 Ke4 53. Kg1 Ke3 54. Kf1 Ba3 55. Kg1 Bb4 56. Kh2 Bd6+ 57. Kh3 Kd3 58.
Ng3 Kc4 59. Nf5 Bf4 60. g3 Bc1 61. Kg2 Kb4 62. Kf3 Ka3 63. Ke4 Kxa2 64. Nxh6
Kb3 65. Nf7 Kc2 66. Kf5 Kd3 67. Nxg5 Ke3 68. Ne4 Kf3 69. g5 Bxg5 70. Kxg5 1-0

[Event "WA Premier"]
[Site "Seattle"]
[Date "2008.02.16"]
[Round "5"]
[White "MacGregor, Michael"]
[Black "Selzler, Ricky"]
[Result "0-1"]
[WhiteElo "2205"]
[BlackElo "2132"]
[PlyCount "102"]
[EventDate "2008.02.??"]
[Source "Harrison"]
[SourceDate "2008.03.19"]

1. e4 c5 2. Nf3 Nc6 3. d4 cxd4 4. Nxd4 e5 5. Nb5 d6 6. N1c3 a6 7. Na3 b5 8. Nd5
Nge7 9. c3 Nxd5 10. exd5 Ne7 11. g3 Nf5 12. Nc2 Be7 13. Bg2 a5 14. O-O Bd7 15.
f4 Qb6+ 16. Rf2 exf4 17. Bxf4 O-O 18. Qd3 g6 19. Raf1 Rae8 20. Bh3 Qb7 21. g4
Ng7 22. Bh6 Bh4 23. Rf4 Re5 24. Bg2 Bg5 25. Bxg5 Rxg5 26. Qf3 Bc8 27. h4 Re5
28. Nd4 h5 29. Qf2 Bxg4 30. Rf6 Nf5 31. Nxf5 Rxf5 32. Qg3 Rxf1+ 33. Kxf1 Qe7
34. Qxd6 Qe2+ 35. Kg1 Qe1+ 36. Rf1 Qxh4 37. Qf4 Qe7 38. d6 Qd7 39. Rf2 Rd8 40.
Rd2 Qf5 41. Qd4 Qg5 42. Rf2 Be6 43. b4 axb4 44. cxb4 h4 45. Kh1 h3 46. Bf3 Qg3
47. Rf1 Rxd6 48. Qe3 Bg4 49. Qe8+ Kg7 50. Bd5 Bf3+ 51. Bxf3 Rd2 0-1

[Event "WA Premier"]
[Site "Seattle"]
[Date "2008.02.16"]
[Round "5"]
[White "Bragg, David"]
[Black "Oshiro, Michael"]
[Result "1-0"]
[WhiteElo "2208"]
[BlackElo "2114"]
[PlyCount "41"]
[EventDate "2008.02.??"]
[Source "Harrison"]
[SourceDate "2008.03.19"]

1. e4 d5 2. Nc3 c6 3. e5 c5 4. d4 cxd4 5. Qxd4 e6 6. f4 Ne7 7. Nf3 Nec6 8. Qf2
Nd7 9. Be3 Bb4 10. Bd3 f6 11. Nd4 Ndxe5 12. fxe5 Nxe5 13. Bb5+ Kf7 14. Be2 a6
15. O-O Bd7 16. Rad1 Bxc3 17. bxc3 Qa5 18. Nb3 Qxa2 19. Ra1 Qb2 20. Bd4 Ng6 21.
Bh5 1-0

[Event "WA Premier"]
[Site "Seattle"]
[Date "2008.02.16"]
[Round "5"]
[White "Kalina, Chris"]
[Black "Collyer, Curt"]
[Result "1/2-1/2"]
[WhiteElo "1959"]
[BlackElo "2254"]
[PlyCount "64"]
[EventDate "2008.02.??"]
[Source "Harrison"]
[SourceDate "2008.03.19"]

1. c4 c5 2. Nc3 Nf6 3. e4 Nc6 4. Nge2 d6 5. d4 cxd4 6. Nxd4 g6 7. Be2 Nxd4 8.
Qxd4 Bg7 9. Be3 O-O 10. Qd2 Qa5 11. f3 Be6 12. Rc1 Rfc8 13. b3 a6 14. O-O b5
15. Nd5 Qxd2 16. Bxd2 Nxd5 17. cxd5 Bd4+ 18. Kh1 Bd7 19. g4 Kg7 20. Rxc8 Rxc8
21. Rc1 f5 22. Rxc8 Bxc8 23. Bf4 Kf6 24. g5+ Kf7 25. Kg2 fxe4 26. fxe4 Ke8 27.
Bd2 Bd7 28. Kf3 Kd8 29. Bd3 e6 30. Be1 Ke7 31. Bd2 Be8 32. a4 bxa4 1/2-1/2

[Event "WA Premier"]
[Site "Seattle"]
[Date "2008.02.16"]
[Round "5"]
[White "Xing, Kerry"]
[Black "Pupols, Viktors"]
[Result "1/2-1/2"]
[WhiteElo "1871"]
[BlackElo "2201"]
[PlyCount "73"]
[EventDate "2008.02.??"]
[Source "Harrison"]
[SourceDate "2008.03.19"]

1. d4 d5 2. c4 e6 3. Nc3 Nf6 4. Bg5 Be7 5. Nf3 h6 6. Bh4 O-O 7. e3 Ne4 8. Bxe7
Qxe7 9. Bd3 Nxc3 10. bxc3 Nd7 11. O-O dxc4 12. Bxc4 e5 13. Rb1 c6 14. Nd2 Nf6
15. Qe2 b5 16. Bd3 a6 17. c4 Rd8 18. dxe5 Qxe5 19. Nf3 Qe7 20. Nd4 Bd7 21. cxb5
cxb5 22. Rfc1 Rac8 23. Qb2 Nd5 24. Rxc8 Rxc8 25. Rc1 Rxc1+ (25... Nxe3 $5 26.
Rxc8+ (26. Re1 Nc4 $1 27. Rxe7 Nxb2 28. Rxd7 Nxd3 $17) 26... Bxc8 27. Qc1 Nc4
28. a4 $1 Bb7 29. axb5 axb5 30. Nxb5 Ne5 $11) 26. Qxc1 Qb4 27. a3 Qd6 28. h3 g6
29. Be2 Nb6 30. Qc3 Kf8 31. Nc2 Be6 32. Qh8+ Ke7 33. Qxh6 Qd2 34. Qh4+ Ke8 35.
Qh8+ Ke7 36. Qh4+ Ke8 37. Qh8+ 1/2-1/2

[Event "WA Premier"]
[Site "Seattle"]
[Date "2008.02.16"]
[Round "5"]
[White "May, Andy"]
[Black "Levine, David"]
[Result "0-1"]
[WhiteElo "2128"]
[BlackElo "2211"]
[PlyCount "138"]
[EventDate "2008.02.??"]
[Source "Harrison"]
[SourceDate "2008.03.19"]

1. e4 e5 2. Nf3 Nc6 3. d4 exd4 4. Bc4 Nf6 5. e5 Ng4 6. Qe2 Qe7 7. Bf4 f6 8.
exf6 gxf6 9. Bxc7 d6 10. Bb5 Nge5 11. Ba5 Nxf3+ 12. gxf3 Bf5 13. Na3 a6 14.
Bxc6+ bxc6 15. Qxe7+ Bxe7 16. O-O-O c5 17. Rhe1 Kf7 18. Nc4 Be6 19. b3 Rhg8 20.
Re2 Bxc4 21. bxc4 Rg2 22. Bd2 Rxh2 23. Bf4 Rh3 24. Rd3 Rb8 25. c3 Rb6 26. cxd4
cxd4 27. Rxd4 Rxf3 28. Be3 f5 29. Rd1 Rc6 30. Rc2 h5 31. Kd2 Rh3 32. Ke2 Rh4
33. Kd3 Bf6 34. Rb1 Re4 35. Rb7+ Re7 36. Rb1 h4 37. Rh1 Rec7 38. Bd4 Be7 39.
Rg1 Bf6 40. Rh1 Be7 41. Rg1 Bf8 42. Rg5 Ke8 43. Rxf5 Rh7 44. f3 Be7 45. Bg1 Kd7
46. Rf4 Rc8 47. Bh2 Rf8 48. Rb2 Rxf4 49. Bxf4 Kc6 50. Ke4 Kc5 51. Rc2 a5 52.
Be3+ Kc6 53. f4 Rh5 54. Bd4 a4 55. Rh2 Bd8 56. f5 h3 57. Bf2 Bf6 58. Bg3 Kc5
59. Rd2 Be7 60. Rd5+ {White used most of his remaining time for this move, and
both players blitzed the rest of the game.} Kxc4 61. f6 Rh7 62. Rd4+ Kc3 63.
fxe7 Rxe7+ 64. Kd5 Rh7 65. Bh2 Rh5+ 66. Ke4 Rh4+ 67. Bf4 Rxf4+ 68. Kxf4 Kxd4
69. Kg3 Ke3 {and the remaining moves were not recorded. Black promoted two
pawns and the game continued until checkmate.} 0-1

[Event "WA Premier"]
[Site "Seattle"]
[Date "2008.02.16"]
[Round "6"]
[White "Levine, David"]
[Black "Collyer, Curt"]
[Result "0-1"]
[WhiteElo "2211"]
[BlackElo "2254"]
[PlyCount "60"]
[EventDate "2008.02.??"]
[Source "Harrison"]
[SourceDate "2008.03.19"]

1. c4 c5 2. Nc3 Nf6 3. g3 d5 4. cxd5 Nxd5 5. Bg2 Nc7 6. Nf3 Nc6 7. O-O e5 8. d3
Be7 9. a3 f6 10. Ne1 O-O 11. Rb1 Be6 12. f4 exf4 13. Bxf4 Qd7 14. Bxc7 Qxc7 15.
Nd5 Qd7 16. Nxe7+ Nxe7 17. Rf2 Rac8 18. b3 b6 19. Qc1 Rfe8 20. Qb2 Nf5 21. b4
c4 22. Rc1 Ne3 23. Be4 c3 24. Qa1 Ng4 25. Rf4 g5 26. Rf1 Qd4+ 27. Kh1 Nf2+ 28.
Rxf2 Qxf2 29. Bg2 Qxe2 30. Rc2 Qe3 0-1